1869 1276 1972 1731 1565 1241 1893 1286 1003 1638 1421 1115 1840 1043 1567 1265 1919 1410 1606 1118 1249 1403 1932 1800 1008 1443 1811 1440 1354 1132 1537 1356 1939 1346 1909 1716 1823 1298 1808 1690 1534 1246 1691 1996 1170 1965 1525 1163 1087 1008 1974 1152 1843 1550 1548 1468 1371 1428 1401 1106 1550 1279 1392 1539 1953 1475 1272 1722 1077 1766 1511 1708 1948 1945 1559 1922 1122 1184 1644 1995 1270 1522 1096 1658 1515 1800 1658 1909 1644 1955 1905 1311 1076 1543 1218 1316 1007 1031 1081 BCNSPRNW ULIB Ver.6.0+V

เปลี่ยนเป็นภาษาไทย

Change to English
 แสดงรายละเอียดบรรณานุกรม
  กลับหน้าหลัก

Brief Record : Get Marc (ISO 2709) : E-mail record : QR code < ปิดหน้าต่าง
LEADER : 00000nam 2200000uu 4500
001    13399127490
003     ULIB
008    200617s2562||||th 000 0 tha d
020    ู^a9786162149368
050  0 ^aนว^bพ726บ
100    ^aพิมพ์อักษรา
245    ^aบัลลังก์ภูสรวง ตอน มนตร์ดาริกา
250    ^aพิมพ์ครั้งที่ 1
260    ^aกรุงเทพฯ :^bณ บ้านวรรณกรรม,^c2562
300    ^a496 หน้า;^b21 ซม.
650    ^aนวนิยาย
945    ^p0^l0^i28396
999    ^aกัณชพร จุลอักษร
รายการนี้ยังไม่มีแท็ก
คุณยังไม่ได้ล็อกอิน คุณสามารถมีกิจกรรมร่วมกับเว็บไซต์ได้ แต่ต้องล็อกอินก่อน ::
  ล็อกอิน

รายการสื่อสารสนเทศ

ลำดับที่ ประเภท เลขเรียก/บาร์โค้ด สถานที่ สถานะ
1. นวนิยาย
นวนิยาย
นว พ726บ ฉ.1 
  Barcode: 28396
ห้องสมุดวิทยาเขตนครสวรรค์
►หนังสือทั่วไป:l:General Books
บนชั้น

รายการใกล้เคียง
    ชื่อเรื่อง [บัลลังก์ภูสรวง ตอน มนตร์ดาริกา]

    ผู้แต่ง [พิมพ์อักษรา]

    หัวเรื่อง [นวนิยาย]

BibComment


ยังไม่เคยถูกคอมเมนท์

คอมเมนท์ทรัพยากรรายการนี้
  คอมเมนท์: บัลลังก์ภูสรวง ต..


 Copyright 2026. Bcnsprnw @Library